| 000 | 00391nam a22001577a 4500 | ||
|---|---|---|---|
| 005 | 20260401085244.0 | ||
| 008 | 260401b |||||||| |||| 00| 0 eng d | ||
| 020 | _a9781138584327 | ||
| 050 |
_aTR 899 _b.D69 |
||
| 100 | _aDMYTRYK EDWARD | ||
| 245 | _aON FILM EDITING | ||
| 260 |
_aNEW-YORK _bROUTLEDGE _c2019 |
||
| 300 |
_aXXIV, 184P. _bILL |
||
| 650 | _aMOTION PICTURE EDITING | ||
| 942 | _cBK | ||
| 999 |
_c4633 _d4633 |
||